000 00794nas a2200253Ia 4500
001 R703/G4242
003 IT-RoPAU
008 151124c99999999xx |||||||||||| ||und||
040 _aIT-RoPAU
040 _cIT-RoPAU
041 _aINGLESE
100 _aPelc Jerzy
_gCodice Aut. SPICS: 3720
210 _aSEMIOTICA
222 _aSemiotica
245 _aSEMIOTICA, VOL.128-N.3/4 (2000)
_bSemiosis And Semiosics Vs. Semiotics
250 _a1a ed.
260 _aBERLIN
_bMOUTON DE GRUYTER
_c2000
501 _bPaulus - SPICS - Società San Paolo EM (non-commercial uses only)
_cCopyright2015
300 _a10 p. [425-434]
362 _aVOL.128, N.3/4 (2000)
500 _aSemiosi e Scienza della Semiosi Versus Semiotica.
650 _aSEMIOTICA
_vPUBBLICAZIONE PERIODICA
942 _cCR
999 _c183141
_d183141